书目信息 |
| 题名: |
人口经济学
|
|
| 作者: | 李仲生 著 | |
| 分册: | ||
| 出版信息: | 北京 清华大学出版社 2006 |
|
| 页数: | 410页 | |
| 开本: | 26cm | |
| 丛书名: | ||
| 单 册: | ||
| 中图分类: | C92-05 | |
| 科图分类: | ||
| 主题词: | 人口经济学 | |
| 电子资源: | ||
| ISBN: | 7-302-12494-9 | |
| 000 | 00895nam0 2200241 450 | |
| 000 | 00902nam0 2200241 450 | |
| 000 | 00833nam0 2200217 450 | |
| 000 | 00796nam0 2200205 450 | |
| 005 | 20070602082947.01 | |
| 010 | @a7-302-12494-9@b平塑@dCNY39.00 | |
| 100 | @a20060203d2006 em y0chiy0120 ea | |
| 101 | 0 | @achi |
| 102 | @aCN@b110000 | |
| 105 | @ay z 000yy | |
| 200 | 1 | @a人口经济学@ARen Kou Jing Ji Xue@f李仲生著@FLi Zhong Sheng Zhu |
| 210 | @a北京@c清华大学出版社@d2006 | |
| 215 | @a410页@d26cm | |
| 330 | @a本书概述了人口经济学的形成过程和人口经济学的基本理论。论述了生育率和死亡率的经济理论,并对其转变的经济因素进行了分析,在论述人口与资源环境、中国人口经济和世界人口经济问题时,采用了从微观到宏观,从短期到长期,从静态到动态。 | |
| 606 | 0 | @a人口经济学 |
| 690 | @aC92-05@v4 | |
| 701 | 0 | @a李仲生@ALi Zhong Sheng@4著 |
| 801 | 0 | @aCN@bTAOJIN@c20070602 |
| 905 | @a10447@dC92-05@e59 | |
| 人口经济学/李仲生著.-北京:清华大学出版社,2006 |
| 410页;26cm |
| ISBN 7-302-12494-9(平塑):CNY39.00 |
| 本书概述了人口经济学的形成过程和人口经济学的基本理论。论述了生育率和死亡率的经济理论,并对其转变的经济因素进行了分析,在论述人口与资源环境、中国人口经济和世界人口经济问题时,采用了从微观到宏观,从短期到长期,从静态到动态。 |
| ● |
| 相关链接 |
|
|
|
|
正题名:人口经济学
索取号:C92-05/59
 
预约/预借
| 序号 | 登录号 | 条形码 | 馆藏地/架位号 | 状态 | 备注 |
| 1 | 0524049 | 205240498 | 第一样本阅览室/ [索取号:C92-05/59] | 在馆 | |
| 2 | 0524050 | 205240504 | 第一借阅区/ [索取号:C92-05/59] | 在馆 | |
| 3 | 0524051 | 205240513 | 第一借阅区/ [索取号:C92-05/59] | 在馆 | |
| 4 | 0524052 | 205240522 | 第一借阅区/ [索取号:C92-05/59] | 在馆 | |
| 5 | 0524053 | 205240531 | 教育系资料室/ [索取号:C92-05/59] | 在馆 | |
| 6 | 0524054 | 205240540 | 教育系资料室/ [索取号:C92-05/59] | 在馆 | |
| 7 | 0524055 | 205240559 | 第一借阅区/ [索取号:C92-05/59] | 在馆 | |
| 8 | 0524056 | 205240568 | 第一借阅区/ [索取号:C92-05/59] | 在馆 |